El reino de la belleza

Сохранить в:
Библиографические подробности
Главный автор: Subirats, Eduardo (Автор)
Формат:
Язык:испанский
Опубликовано: Madrid Fondo de Cultura Económica de España 2003
Редактирование:1a. ed
Серии:Cuadernos de la Cátedra Alfonso Reyes
Предметы:
Метки: Добавить метку
Нет меток, Требуется 1-ая метка записи!

MARC

LEADER 00000nam a2200000 a 4500
001 UCJ1006
003 CL-VaPUC
008 060929e20030000SP |||||||||||||||||spa|d
020 |a 8437505488 
082 0 4 |a 701.17  |b SUB  |2 21 
100 0 |a Subirats, Eduardo  |e author  |9 501531 
245 1 3 |a El reino de la belleza 
250 |a 1a. ed 
300 |a 110 p 
942 |c BK 
945 |d 20060929 00:00:00  |a cmena 
260 |a Madrid  |b Fondo de Cultura Económica de España  |c 2003 
650 0 |a Filosofía del arte  |9 264951 
650 0 |a Estética   |9 264950 
650 0 |a Creación artística   |9 266215 
583 |a last modification  |c 20060929 00:00:00  |k Rodrigo Vera 
490 0 |a Cuadernos de la Cátedra Alfonso Reyes 
999 |c 317739  |d 317737 
952 |0 0  |1 0  |4 0  |6 701_170000000000000_SUB_2003  |7 0  |8 A  |9 394634  |a BIBART  |b BIBART  |d 2019-11-22  |i 4203593  |l 1  |o 701.17 SUB 2003  |p 4203593  |r 2025-03-17  |s 2025-03-10  |w 2019-11-22  |y BK  |k ART